000 00992nam a2200241 i 4500
001 157075
003 ES-MaACL
005 20241112201224.0
008 940202s1886 sp a |||| |dspa d
080 _a821.134.2-82"18"
100 1 _aLarra, Mariano José de,
_d1809-1837
_970287
_eaut
245 1 0 _aObras completas de D. Mariano José de Larra
_b: (Fígaro) /
_cilustradas con grabados intercalados en el texto por J. Luis Pellicer.
260 _aBarcelona :
_bMontaner y Simón,
_c1886.
300 _aXV, 959 p. :
_bil. ;
_c32 cm.
530 _aDisponible en formato digital.
597 _aTexto a 2 columnas.
599 _aLas il. xil.
700 1 _aPellicer, Josep Lluis,
_d1842-1901
_9143862
_eill
852 _aES-MaACL
_jZ-169
_xOlim: B-5922
_d
_z- Enc. pasta española
_q- Faltan p. 950-956
856 _uhttp://bdh-rd.bne.es/viewer.vm?id=0000288272&page=1
_yVersión en línea
_z(Biblioteca Digital Hispánica)
942 _2udc
999 _c157075
_d157075